| 000 | 00474pab a2200169 454500 | ||
|---|---|---|---|
| 008 | 180718b2006 xxu||||| |||| 00| 0 eng d | ||
| 100 | _aHaven-Smith, Lance de | ||
| 245 | _aManagement by inquiry: a discursive accountability system for large organizations | ||
| 260 | _c2006 | ||
| 300 | _ap.64-76. | ||
| 362 | _aJan-Feb | ||
| 650 | _aOrganizations | ||
| 650 | _aManagement | ||
| 700 | _aJenne, Kenneth C. II | ||
| 773 | _aPublic Administration Review | ||
| 909 | _a70426 | ||
| 999 |
_c70426 _d70426 |
||